[Event "Monsaraz op"]
[Site "Monsaraz"]
[Date "2023.11.22"]
[Round "2"]
[White "Jones, Chris S"]
[Black "Orian, Noga"]
[Result "0-1"]
[WhiteElo "1651"]
[BlackElo "1999"]
[PlyCount "108"]
[EventDate "2023.11.21"]
[EventType "swiss"]
[EventRounds "9"]
[EventCountry "POR"]
[SourceTitle "CB49_2023"]
[SourceDate "2023.12.06"]
[SourceVersion "1"]
[SourceVersionDate "2023.12.06"]
[SourceQuality "1"]

1. e4 c5 2. Nf3 Nc6 3. Bb5 g6 4. Bxc6 dxc6 5. d3 Bg7 6. Nc3 Nf6 7. 0-0 Nd7 8. Be3 e5 9. Qd2 h6 10. Ne2 b6 11. h3 Nf8 12. b4 cxb4 13. Qxb4 Ne6 14. Rad1 Ba6 15. Rfe1 Qd7 16. Qa3 Qb7 17. Qb2 Qc7 18. Qa3 Bb7 19. d4 exd4 20. Nexd4 Qe7 21. Qxe7+ Kxe7 22. Nxe6 Kxe6 23. Nd4+ Ke7 24. f3 Rhd8 25. Ne2 Ba6 26. Nd4 Rac8 27. f4 c5 28. Nf3 Bc3 29. Bd2 Bxd2 30. Rxd2 Rxd2 31. Nxd2 Rd8 32. Nf3 Bc4 33. Ne5 Bb5 34. f5 gxf5 35. exf5 Kf6 36. Ng4+ Kxf5 37. Nxh6+ Kg6 38. Ng4 Rd2 39. Ne5+ Kg7 40. c4 Ba4 41. a3 Rd4 42. Re3 f6 43. Ng4 Kf7 44. Rc3 Bc6 45. Ne3 Rd2 46. g4 Be4 47. h4 Ke6 48. h5 Ke5 49. h6 Kf4 50. Nd5+ Bxd5 51. h7 Rg2+ 52. Kf1 Rh2 53. cxd5 Rxh7 54. Rc4+ Ke5 0-1

[Event "Monsaraz op"]
[Site "Monsaraz"]
[Date "2023.11.21"]
[Round "1"]
[White "Karamsetty, Jeevan"]
[Black "Jones, Chris S"]
[Result "1-0"]
[WhiteElo "2280"]
[BlackElo "1651"]
[PlyCount "31"]
[EventDate "2023.11.21"]
[EventType "swiss"]
[EventRounds "9"]
[EventCountry "POR"]
[SourceTitle "CB49_2023"]
[SourceDate "2023.12.06"]
[SourceVersion "1"]
[SourceVersionDate "2023.12.06"]
[SourceQuality "1"]

1. e4 c5 2. Nc3 Nc6 3. Bb5 d6 4. Bxc6+ bxc6 5. d3 g6 6. f4 Bg7 7. Nf3 Nf6 8. 0-0 0-0 9. Qe1 Rb8 10. b3 Re8 11. Kh1 Ba6 12. Bd2 e6 13. e5 Nd5 14. Ne4 dxe5 15. Nxc5 Bc8 16. fxe5 1-0

[Event "ENG-ch Seniors 50"]
[Site "Solihull"]
[Date "2019.04.04"]
[Round "1"]
[White "Jones, Chris S"]
[Black "Willmoth, Robert"]
[Result "0-1"]
[WhiteElo "1710"]
[BlackElo "2116"]
[PlyCount "86"]
[EventDate "2019.04.04"]
[EventType "swiss"]
[EventRounds "6"]
[EventCountry "ENG"]
[SourceTitle "CBM 190 Extra"]
[Source "ChessBase"]
[SourceDate "2019.07.15"]
[SourceVersion "1"]
[SourceVersionDate "2019.07.15"]
[SourceQuality "1"]

1. e4 d6 2. d4 Nf6 3. Nc3 c6 4. Nf3 Bg4 5. h3 Bh5 6. Be3 e6 7. Bd3 d5 8. e5 Nfd7 9. g4 Bg6 10. Ne2 c5 11. Nf4 cxd4 12. Nxg6 hxg6 13. Bxd4 Nc6 14. Qe2 Nxd4 15. Nxd4 Qb6 16. c3 Be7 17. Bb5 0-0-0 18. Bxd7+ Rxd7 19. Qb5 Qc7 20. Qe2 Bg5 21. Kf1 Bf4 22. Nf3 g5 23. Kg2 Qb6 24. a4 f6 25. a5 Qd8 26. a6 b6 27. exf6 Qxf6 28. Nd4 e5 29. Nf3 Qc6 30. Rhe1 Qf6 31. Rad1 e4 32. Nd4 Rxh3 33. Rh1 Rh4 34. Nf5 Rxh1 35. Rxh1 g6 36. Nd4 Be5 37. Nc2 Rf7 38. Rh3 Qc6 39. Nd4 Qd7 40. Nc2 Rf3 41. Ne3 Rxh3 42. Kxh3 Qh7+ 43. Kg2 Qh2+ 0-1

[Event "GBR-ch Major 103rd"]
[Site "Bournemouth"]
[Date "2016.07.25"]
[Round "1"]
[White "Jones, Chris S"]
[Black "Boswell, Jacob Connor"]
[Result "1-0"]
[WhiteElo "1997"]
[BlackElo "1798"]
[PlyCount "49"]
[EventDate "2016.07.25"]
[EventType "swiss"]
[EventRounds "11"]
[EventCountry "ENG"]
[SourceTitle "CBM 173 Extra"]
[Source "ChessBase"]
[SourceDate "2016.08.29"]
[SourceVersion "1"]
[SourceVersionDate "2016.08.29"]
[SourceQuality "1"]

1. d4 f5 2. Qd3 e6 3. g4 fxg4 4. h3 g3 5. fxg3 Nf6 6. Nc3 Be7 7. Bd2 c6 8. e4 0-0 9. Nge2 d5 10. Bg2 b5 11. e5 Nfd7 12. Nf4 Nb6 13. Nce2 Qe8 14. h4 Na6 15. c3 Nc7 16. 0-0 a5 17. Qf3 c5 18. Qg4 Bd7 19. h5 Kh8 20. Ng6+ Kg8 21. Nxf8 Bxf8 22. Bh6 Kh8 23. Bg5 c4 24. Nf4 Be7 25. Bxe7 1-0

[Event "GBR-ch Major 102nd"]
[Site "Coventry"]
[Date "2015.08.04"]
[Round "8"]
[White "Jones, Chris S"]
[Black "Pink, Joshua"]
[Result "1/2-1/2"]
[WhiteElo "2015"]
[BlackElo "1826"]
[PlyCount "27"]
[EventDate "2015.07.27"]
[EventType "swiss"]
[EventRounds "11"]
[EventCountry "ENG"]
[SourceTitle "CBM 167 Extra"]
[Source "ChessBase"]
[SourceDate "2015.09.14"]
[SourceVersion "1"]
[SourceVersionDate "2015.09.14"]
[SourceQuality "1"]

1. e4 e5 2. Nf3 Nc6 3. c3 d5 4. Qa4 Qd6 5. Bb5 Bd7 6. 0-0 Nf6 7. exd5 Nxd5 8. Re1 Be7 9. d4 exd4 10. Bxc6 Bxc6 11. Qxd4 0-0 12. Na3 Bf6 13. Qd3 Rfe8 14. Bd2 1/2-1/2

[Event "GBR-ch Major 102nd"]
[Site "Coventry"]
[Date "2015.08.03"]
[Round "7"]
[White "Talbot, Mark"]
[Black "Jones, Chris S"]
[Result "1/2-1/2"]
[WhiteElo "2019"]
[BlackElo "2015"]
[PlyCount "71"]
[EventDate "2015.07.27"]
[EventType "swiss"]
[EventRounds "11"]
[EventCountry "ENG"]
[SourceTitle "CBM 167 Extra"]
[Source "ChessBase"]
[SourceDate "2015.09.14"]
[SourceVersion "1"]
[SourceVersionDate "2015.09.14"]
[SourceQuality "1"]

1. c4 e5 2. g3 Nf6 3. Bg2 c6 4. Nf3 e4 5. Nd4 d5 6. cxd5 Qxd5 7. Nc2 Qh5 8. h4 Bc5 9. d4 exd3 10. Qxd3 0-0 11. 0-0 Bg4 12. Nc3 Nbd7 13. Ne3 Rad8 14. Qc2 Bb6 15. Re1 Be6 16. Ne4 Nxe4 17. Bxe4 Nf6 18. Bf3 Qe5 19. Kg2 Qc5 20. b3 Nd5 21. Qxc5 Bxc5 22. Nxd5 Bxd5 23. e4 Be6 24. Be3 Bxe3 25. Rxe3 Rd2 26. Re2 Rfd8 27. Rxd2 Rxd2 28. Rd1 Rxd1 29. Bxd1 Kf8 30. f4 f6 31. f5 Bf7 32. Kf3 Ke7 33. Kf4 Kd6 34. g4 h6 35. Bc2 a5 36. a3 1/2-1/2

[Event "Coimbra Queima das Fitas op"]
[Site "Coimbra"]
[Date "2015.05.03"]
[Round "7"]
[White "Viana, Eduardo Escudeiro"]
[Black "Jones, Chris S"]
[Result "1/2-1/2"]
[WhiteElo "1583"]
[BlackElo "1831"]
[PlyCount "87"]
[EventDate "2015.04.30"]
[EventType "swiss"]
[EventRounds "7"]
[EventCountry "POR"]
[SourceTitle "EXT 2018"]
[Source "ChessBase"]
[SourceDate "2017.10.13"]
[SourceVersion "1"]
[SourceVersionDate "2017.10.13"]
[SourceQuality "1"]

1. d4 Nf6 2. c4 g6 3. Nc3 Bg7 4. Nf3 d6 5. g3 c6 6. Bg2 0-0 7. 0-0 Nbd7 8. Qc2 Re8 9. b3 e5 10. dxe5 Nxe5 11. Bb2 Qc7 12. Nxe5 dxe5 13. e4 Bd7 14. h3 Rad8 15. Rad1 Qc8 16. Kh2 Nh5 17. Ne2 Qc7 18. Bc1 f5 19. f4 Bc8 20. Rxd8 Rxd8 21. Rd1 Rxd1 22. Qxd1 Nf6 23. fxe5 Nxe4 24. Bxe4 fxe4 25. Bf4 g5 26. Bxg5 Bxe5 27. Bf4 Bf5 28. Kg2 Kf7 29. Nd4 Bg6 30. Ne2 Ke7 31. Qd2 Qd6 32. Qe3 c5 33. Bxe5 Qxe5 34. Nc3 Ke6 35. Nd5 Qd4 36. Nf4+ Ke5 37. Qe2 e3 38. Nxg6+ hxg6 39. h4 Qe4+ 40. Kg1 Kd4 41. Qb2+ Kd3 42. Qb1+ Kd4 43. Qb2+ Kd3 44. Qb1+ 1/2-1/2

[Event "BCF-chT2a 1415 (4NCL)"]
[Site "England"]
[Date "2015.02.14"]
[Round "5.246"]
[White "Hewitt, William"]
[Black "Jones, Chris S"]
[Result "1-0"]
[WhiteElo "2058"]
[BlackElo "2042"]
[PlyCount "82"]
[EventDate "2014.11.15"]
[EventType "team-tourn"]
[EventRounds "7"]
[EventCountry "ENG"]
[SourceTitle "EXT 2016"]
[Source "ChessBase"]
[SourceDate "2015.10.08"]
[SourceVersion "1"]
[SourceVersionDate "2015.10.08"]
[SourceQuality "1"]
[WhiteTeam "Rhyfelwyr Essyllwg"]
[BlackTeam "Sussex Martlets"]
[WhiteTeamCountry "ENG"]
[BlackTeamCountry "ENG"]

1. e4 e6 2. d4 d5 3. Nc3 Bb4 4. e5 c5 5. a3 cxd4 6. axb4 dxc3 7. Nf3 Ne7 8. Bd3 Nbc6 9. 0-0 Nxb4 10. bxc3 Nxd3 11. cxd3 0-0 12. Re1 Nf5 13. Ba3 Re8 14. Qa4 Bd7 15. Qf4 a5 16. Rab1 b6 17. h4 Rc8 18. Rec1 b5 19. h5 Rc7 20. g4 Nh4 21. Nd4 b4 22. cxb4 Rxc1+ 23. Qxc1 Qb6 24. Qc5 Qb7 25. b5 f6 26. Qd6 fxe5 27. Qxe5 Qb6 28. Kf1 a4 29. Rc1 Bxb5 30. Ke2 Bd7 31. Rc7 Rd8 32. Be7 Rc8 33. Rxc8+ Bxc8 34. Bxh4 Qb2+ 35. Kf3 Qc2 36. Qd6 h6 37. Nc6 Qxd3+ 38. Kg2 Qe4+ 39. f3 Qc2+ 40. Bf2 Qc3 41. Qd8+ Kh7 1-0

[Event "BCF-chT2a 1415 (4NCL)"]
[Site "England"]
[Date "2015.01.11"]
[Round "4.99"]
[White "Ganesan, Arasu"]
[Black "Jones, Chris S"]
[Result "1-0"]
[WhiteElo "2073"]
[BlackElo "2042"]
[PlyCount "103"]
[EventDate "2014.11.15"]
[EventType "team-tourn"]
[EventRounds "7"]
[EventCountry "ENG"]
[SourceTitle "EXT 2016"]
[Source "ChessBase"]
[SourceDate "2015.10.08"]
[SourceVersion "1"]
[SourceVersionDate "2015.10.08"]
[SourceQuality "1"]
[WhiteTeam "KJCA Kings"]
[BlackTeam "Sussex Martlets"]
[WhiteTeamCountry "ENG"]
[BlackTeamCountry "ENG"]

1. d4 e6 2. Nf3 Nf6 3. c4 Bb4+ 4. Bd2 Qe7 5. g3 0-0 6. Bg2 Bxd2+ 7. Qxd2 Ne4 8. Qc2 f5 9. 0-0 d6 10. Nc3 Nxc3 11. Qxc3 Nd7 12. Rac1 e5 13. c5 e4 14. Nd2 dxc5 15. dxc5 c6 16. f3 Nf6 17. fxe4 fxe4 18. Nxe4 Nxe4 19. Qc4+ Be6 20. Qxe4 Rxf1+ 21. Bxf1 Qf7 22. a3 Rf8 23. Qd4 Qh5 24. e4 Qg5 25. Rd1 h5 26. e5 h4 27. Bc4 Bd5 28. Bxd5+ cxd5 29. Qd2 Qxd2 30. Rxd2 hxg3 31. hxg3 Rd8 32. Kf2 Kf7 33. Ke3 Ke6 34. Kd4 Rf8 35. Rd3 Rf2 36. Rb3 Rf7 37. a4 Rc7 38. a5 Rd7 39. a6 bxa6 40. Ra3 Rb7 41. Rxa6+ Kf5 42. Kxd5 Rxb2 43. c6 Rd2+ 44. Kc5 Kxe5 45. Rxa7 Rc2+ 46. Kb6 g5 47. Re7+ Kd6 48. Rd7+ Ke6 49. Rd3 Rc1 50. c7 Ke7 51. Rd8 Rb1+ 52. Ka5 1-0

[Event "BCF-chT2a 1415 (4NCL)"]
[Site "England"]
[Date "2015.01.10"]
[Round "3.228"]
[White "Jones, Chris S"]
[Black "LeMoir, David A"]
[Result "1/2-1/2"]
[WhiteElo "2042"]
[BlackElo "2115"]
[PlyCount "26"]
[EventDate "2014.11.15"]
[EventType "team-tourn"]
[EventRounds "7"]
[EventCountry "ENG"]
[SourceTitle "EXT 2016"]
[Source "ChessBase"]
[SourceDate "2015.10.08"]
[SourceVersion "1"]
[SourceVersionDate "2015.10.08"]
[SourceQuality "1"]
[WhiteTeam "Sussex Martlets"]
[BlackTeam "Anglian Avengers"]
[WhiteTeamCountry "ENG"]
[BlackTeamCountry "ENG"]

1. e4 e5 2. Nf3 Nc6 3. c3 f5 4. d4 fxe4 5. Nxe5 Nf6 6. Be2 Be7 7. 0-0 0-0 8. Be3 d5 9. c4 Be6 10. Nc3 dxc4 11. Bxc4 Bxc4 12. Nxc4 Kh8 13. Nd2 Nxd4 1/2-1/2

[Event "London Classic op 4th"]
[Site "London"]
[Date "2012.12.09"]
[Round "9"]
[White "Tart, Peter K"]
[Black "Jones, Chris S"]
[Result "1/2-1/2"]
[WhiteElo "1989"]
[BlackElo "1834"]
[PlyCount "32"]
[EventDate "2012.12.01"]
[EventType "swiss"]
[EventRounds "9"]
[EventCountry "ENG"]
[SourceTitle "EXT 2014"]
[Source "ChessBase"]
[SourceDate "2013.11.20"]
[SourceVersion "1"]
[SourceVersionDate "2013.11.20"]
[SourceQuality "1"]

1. e4 e6 2. d4 d5 3. c4 dxe4 4. Nc3 Nf6 5. f3 Bb4 6. Qa4+ Nc6 7. Be3 0-0 8. 0-0-0 Bxc3 9. bxc3 Qe7 10. Bg5 h6 11. Bh4 Bd7 12. Qc2 Qa3+ 13. Qb2 Qxb2+ 14. Kxb2 exf3 15. gxf3 Nh5 16. Ne2 Na5 1/2-1/2

[Event "London Classic op 4th"]
[Site "London"]
[Date "2012.12.05"]
[Round "5"]
[White "Jones, Chris S"]
[Black "Gschwendtner, Stanislav"]
[Result "0-1"]
[WhiteElo "1834"]
[BlackElo "2004"]
[PlyCount "76"]
[EventDate "2012.12.01"]
[EventType "swiss"]
[EventRounds "9"]
[EventCountry "ENG"]
[SourceTitle "CBM 151 Extra"]
[Source "ChessBase"]
[SourceDate "2012.12.18"]
[SourceVersion "1"]
[SourceVersionDate "2012.12.18"]
[SourceQuality "1"]

1. e4 c5 2. Nf3 d6 3. d4 cxd4 4. Nxd4 Nf6 5. Nc3 g6 6. Be2 Bg7 7. 0-0 Nc6 8. Nb3 0-0 9. Kh1 a6 10. a4 b6 11. f4 Bb7 12. Bf3 Rc8 13. Be3 Nd7 14. Nd4 Na5 15. Be2 Nc4 16. Bxc4 Rxc4 17. Nd5 e5 18. Nf3 Rxe4 19. Qd3 Bxd5 20. Ng5 Rxe3 21. Qxe3 exf4 22. Qxf4 Be5 23. Qd2 h6 24. Nh3 Qa8 25. Rad1 Nf6 26. Rxf6 Bxg2+ 27. Qxg2 Bxf6 28. Rxd6 Bxb2 29. Rxb6 Be5 30. Qc6 Qd8 31. Rxa6 Qh4 32. Qg2 Qe1+ 33. Ng1 Bd4 34. Rd6 Qa1 35. a5 Re8 36. Rxd4 Qxd4 37. Qc6 Re1 38. Qg2 Ra1 0-1

[Event "London Classic op"]
[Site "London"]
[Date "2010.12.08"]
[Round "1"]
[White "Britton, Richard"]
[Black "Jones, Chris S"]
[Result "1/2-1/2"]
[WhiteElo "2229"]
[BlackElo "1848"]
[PlyCount "101"]
[EventDate "2010.12.08"]
[EventType "swiss"]
[EventRounds "9"]
[EventCountry "ENG"]
[SourceTitle "CBM 139 Extra"]
[Source "ChessBase"]
[SourceDate "2011.01.05"]
[SourceVersion "1"]
[SourceVersionDate "2011.01.05"]
[SourceQuality "1"]

1. e4 c5 2. Nf3 d6 3. c3 Nf6 4. Be2 Nc6 5. d3 g6 6. 0-0 Bg7 7. Re1 0-0 8. Bf1 Bg4 9. h3 Bxf3 10. Qxf3 Rc8 11. Bg5 a6 12. Qe3 Qc7 13. Bh6 b5 14. Bxg7 Kxg7 15. a3 e5 16. Nd2 Qd7 17. g3 Nh5 18. b4 f5 19. exf5 Ne7 20. Ne4 Nxf5 21. Qd2 Nf6 22. Bg2 Nxe4 23. dxe4 Ne7 24. Red1 Rf6 25. Qe3 c4 26. Rd2 Rcf8 27. f3 Nc8 28. a4 bxa4 29. Rda2 Qa7 30. Qxa7+ Nxa7 31. Rxa4 Nb5 32. Rc1 Nc7 33. Ra2 g5 34. Kf2 h5 35. Ke3 Kg6 36. Rf2 Kh6 37. Bf1 d5 38. exd5 Nxd5+ 39. Ke4 Nb6 40. Ra2 h4 41. Rxa6 hxg3 42. Be2 Kg7 43. Rd1 g2 44. Ra5 Rf4+ 45. Ke3 Re8 46. Rg1 Rd8 47. Rxg2 Nd5+ 48. Kf2 Kf6 49. Ra6+ Kf5 50. Rg4 Nxc3 51. Bxc4 1/2-1/2

[Event "Southend op"]
[Site "Southend"]
[Date "2009.04.12"]
[Round "5"]
[White "Foley, Phil T"]
[Black "Jones, Chris S"]
[Result "1/2-1/2"]
[WhiteElo "1646"]
[BlackElo "2070"]
[PlyCount "69"]
[EventDate "2009.04.10"]
[EventType "swiss"]
[EventRounds "7"]
[EventCountry "ENG"]
[SourceTitle "CBM 130 Extra"]
[Source "ChessBase"]
[SourceDate "2009.07.02"]
[SourceVersion "2"]
[SourceVersionDate "2009.07.15"]
[SourceQuality "1"]

1. e4 c5 2. d4 cxd4 3. c3 dxc3 4. Nxc3 g6 5. Nf3 d6 6. Bc4 Bg7 7. 0-0 Nd7 8. Qd5 e6 9. Qxd6 Qb6 10. Nb5 Qxd6 11. Nxd6+ Kf8 12. Rd1 Ne5 13. Nxe5 Bxe5 14. Rb1 Ke7 15. Nxc8+ Rxc8 16. b3 Rd8 17. Ba3+ Bd6 18. Bxd6+ Rxd6 19. Rxd6 Kxd6 20. Rd1+ Kc7 21. e5 Ne7 22. f4 a6 23. a4 Nf5 24. Kf2 Rd8 25. Rxd8 Kxd8 26. g4 Nd4 27. Ke3 Nc6 28. Ke4 Ne7 29. Bd3 Kc7 30. Kd4 Kb6 31. Be4 Nc6+ 32. Kc4 a5 33. h3 h6 34. Bxc6 Kxc6 35. h4 1/2-1/2

[Event "GBR-ch op"]
[Site "Swansea"]
[Date "2006.08.18"]
[Round "11.53"]
[White "Jones, Chris S"]
[Black "Davies, Carl"]
[Result "1-0"]
[WhiteElo "2110"]
[BlackElo "1827"]
[PlyCount "47"]
[EventDate "2006.08.06"]
[EventType "swiss"]
[EventRounds "11"]
[EventCountry "WLS"]
[SourceTitle "CBM 113 Extra"]
[Source "ChessBase"]
[SourceDate "2006.09.14"]
[SourceVersion "1"]
[SourceVersionDate "2006.09.14"]
[SourceQuality "1"]

1. e4 e5 2. Bc4 Nf6 3. d4 exd4 4. Nf3 Bb4+ 5. c3 dxc3 6. bxc3 Bc5 7. e5 d5 8. exf6 dxc4 9. Qxd8+ Kxd8 10. fxg7 Rg8 11. Bh6 Be7 12. Nbd2 Bf6 13. Ne4 Bxg7 14. Bg5+ Ke8 15. 0-0-0 Nc6 16. Rhe1 Be6 17. Bf4 Rd8 18. Bxc7 Rxd1+ 19. Rxd1 Bh6+ 20. Kb2 Rxg2 21. Bg3 Bg4 22. Nf6+ Kf8 23. Nxg4 Bf4 24. Nh4 1-0